000
00286nam a2200145Ia 4500
100
_a
Joseph/Anjali
650
_a
Fiction
942
_c
BK
245
_a
Saraswati Park
260
_b
Harper collins
_c
2010
082
_a
808.8
_b
JOS
300
_a
261
546
_a
ENGLISH
999
_c
33872
_d
33872